Sports Quiz

Random Sports or Basketball Quiz

NCAA Men's Basketball RPI Top 200 Quiz Stats

 Plays Quiz not verified by Sporcle

Score 0/200 Timer 15:00
0 Plays Today
Rank College % Correct
2Duke
97.6%
1Kansas
97.3%
35Texas
96.9%
3Kentucky
95.4%
59Florida
95.3%
134Michigan
93.6%
92Ohio
93.5%
128Oklahoma
93.1%
64North Carolina
92.7%
6Syracuse
92.3%
5Kansas St
91.8%
19Michigan St
91.7%
20Ohio St
91.6%
100Arizona
90.8%
109Georgia
90.6%
9Tennessee
90.4%
66Texas Tech
89.9%
7Butler
89.2%
127Virginia
89.2%
139UCLA
89.2%
34Washington
89.1%
95Miami
89%
116USC
89%
144Miami
89%
104Alabama
88.9%
141Oregon
88.7%
67Illinois
88.6%
65Connecticut
88.3%
44Florida St
88.2%
71Arizona St
87.9%
165Utah
87.7%
21Wisconsin
87.6%
39Oklahoma St
87.5%
43Missouri
87.3%
58Virginia Tech
87%
29Georgia Tech
86.9%
13Texas A&M
86.8%
18Pittsburgh
86.8%
14Georgetown
86.6%
4West Virginia
86.5%
45Louisville
86.1%
10Purdue
86%
123Colorado
85.8%
16Villanova
85.7%
8Baylor
85.5%
170Washington St
85.5%
23Maryland
85.3%
57Memphis
85.3%
187Oregon St
85%
22California
84.9%
63Minnesota
83.9%
88North Carolina St
83.9%
54Mississippi
83.7%
52Notre Dame
83.6%
155Arkansas
83.6%
98South Carolina
83.2%
125Iowa St
83.1%
160Stanford
82.8%
24BYU
82.4%
150Nebraska
82.3%
33Gonzaga
82%
41Clemson
81.6%
31Wake Forest
81.5%
194Penn St
81.2%
122Boston College
81.1%
38Rhode Island
81%
15New Mexico
80.5%
Rank College % Correct
50UNLV
80.2%
11Temple
79.9%
68Cincinnati
79.7%
61Mississippi St
79.3%
151Auburn
79.2%
27Vanderbilt
77.8%
17Xavier
77.5%
87St John's
77.3%
55Marquette
75.5%
114Northwestern
75.3%
40Utah St
74.2%
62Nevada
73.6%
162Rutgers
72.7%
25San Diego St
72.2%
158George Mason
70.3%
120Houston
70.1%
37Cornell
69.7%
56New Mexico St
69.6%
105Harvard
69.4%
132Colorado St
69.3%
111Princeton
69.2%
147Providence
69.1%
175Idaho
66.8%
70Seton Hall
66.1%
101Montana
65.5%
179Massachusetts
65.3%
106Creighton
65.1%
42UTEP
64.8%
138Western Kentucky
64.8%
69Tulsa
64.1%
83South Florida
63.7%
30St Mary's
63.2%
117Vermont
63.2%
36Dayton
63%
184St Joseph's
62.9%
48UAB
62.8%
148George Washington
61.5%
166Southern Illinois
61.1%
191TCU
60.8%
91Indiana St
59.9%
12Northern Iowa
59.8%
146Western Michigan
58.5%
26Richmond
58.3%
195Central Michigan
56.9%
46VCU
56.8%
199Eastern Michigan
55.8%
190UCF
54.6%
96Akron
54.2%
181Davidson
54.1%
49Wichita St
52.6%
74Marshall
52.6%
152Maine
51.4%
189Fresno St
51.1%
80St Louis
50.9%
47Kent St
50%
119Boston University
49.6%
75Missouri St
48.9%
177Drake
48.4%
161Detroit
48%
110Buffalo
46.9%
157Cleveland St
46.9%
84Portland
46.3%
32Siena
45.2%
108Bradley
45.2%
79Charlotte
45%
81Louisiana Tech
44.6%
53Oakland
43.9%
Rank College % Correct
76Illinois St
43.5%
188Bowling Green
43.4%
176San Jose St
43.3%
185Loyola
41.9%
51Murray St
41.5%
172La Salle
40.7%
28Old Dominion
40.3%
107North Texas
40.2%
77Northeastern
39.4%
130Oral Roberts
37.8%
178Middle Tennessee
37.7%
142Lehigh
36.9%
145Drexel
36.9%
121Southern Mississippi
36.6%
131Jacksonville
36.6%
99Pacific
36.3%
113Troy
36.3%
163Denver
36.3%
136Belmont
36.2%
156St Bonaventure
35.6%
86IUPUI
34.6%
115Duquesne
34.6%
164Eastern Kentucky
34.4%
94Weber St
33.9%
89Iona
33.7%
154Hofstra
32.4%
173Winthrop
32.2%
60William and Mary
32.1%
200Northern Arizona
31.8%
129Milwaukee
31.6%
85College of Charleston
31.5%
192Seattle
31%
78Wright St
30.7%
112Long Beach St
30.6%
73Wofford
30.3%
103Green Bay
29.8%
133Robert Morris
29.6%
90Morehead St
29.2%
159Austin Peay
28.6%
135Coastal Carolina
28.3%
140Rider
28.2%
137Niagara
27.8%
180Valparaiso
27.5%
196Jackson St
27.2%
198Tennessee Tech
27%
82Fairfield
26.7%
72Sam Houston St
26.6%
118East Tennessee St
26%
153Stony Brook
24.6%
169Eastern Illinois
24.6%
149Stephen F Austin
24.4%
183St Peter's
23.8%
97UC Santa Barbara
23.3%
168Arkansas- Pine Bluff
22.7%
124Northern Colorado
22%
102Morgan St
21.9%
186Texas- San Antonio
20%
126Western Carolina
19.8%
143Quinnipiac
19.7%
93Appalachian St
19.6%
171Radford
19.6%
182Campbell
18.3%
167Texas A&M- Corpus Christi
17.6%
197Citadel
17.6%
174Mount St Mary's
17.4%
193Southeastern Louisiana
12.9%

You're not logged in!

Compare scores with friends on all Sporcle quizzes.
OR
Log In

Show Comments

Extras

Top Quizzes Today


Score Distribution

Your Account Isn't Verified!

In order to create a playlist on Sporcle, you need to verify the email address you used during registration. Go to your Sporcle Settings to finish the process.

Report this User

Report this user for behavior that violates our Community Guidelines.

Details: